9-1-1 Episode Titles - Statistics

General Stats
  • This quiz has been taken 326 times
  • The average score is 30 of 106
Answer Stats
Hint Answer % Correct
1x01 Pilot
82%
4x05 Buck Begins
74%
2x09 Hen Begins
74%
3x15 Eddie Begins
73%
2x12 Chimney Begins
72%
3x07 Athena Begins
71%
2x16 Bobby Begins Again
59%
7x04 Buck, Bothered and Bewildered
54%
2x01 Under Pressure
48%
4x06 Jinx
47%
2x02 7.1
45%
2x08 Buck, Actually
44%
7x03 Capsized
42%
5x16 May Day
42%
3x02 Sink or Swim
42%
7x10 All Fall Down
40%
7x09 Ashes, Ashes
39%
3x01 Kids Today
38%
4x14 Survivors
38%
5x15 FOMO
37%
1x08 Karma's a Bitch
37%
7x06 There Goes the Groom
37%
1x07 Full Moon (Creepy AF)
36%
1x09 Trapped
36%
2x03 Help Is Not Coming
35%
5x12 Boston
34%
2x10 Merry Ex-Mas
34%
2x15 Ocean's 9-1-1
34%
7x08 Step Nine
34%
1x02 Let Go
32%
1x03 Next of Kin
32%
2x04 Stuck
32%
1x04 Worst Day Ever
32%
7x01 Abandon 'Ships
31%
2x13 Fight or Flight
31%
2x06 Dosed
30%
6x10 In a Flash
30%
3x05 Rage
30%
3x03 The Searchers
30%
4x04 9-1-1 What's Your Grievance?
29%
7x02 Rock the Boat
29%
1x10 A Whole New You
28%
6x11 In Another Life
28%
2x18 This Life We Choose
27%
4x12 Treasure Hunt
27%
2x05 Awful People
25%
2x07 Haunted
25%
6x17 Love Is in the Air
25%
3x06 Monsters
25%
2x11 New Beginnings
25%
4x10 Parenthood
25%
1x05 Point of Origin
25%
4x13 Suspicion
25%
6x15 Death and Taxes
24%
1x06 Heartbreaker
24%
4x01 The New Abnormal
24%
3x14 The Taking of Dispatch 9-1-1
24%
5x06 Brawl in Cell Block 9-1-1
23%
6x07 Cursed
23%
7x05 You Don't Know Me
23%
5x02 Desperate Times
22%
5x07 Ghost Stories
22%
6x12 Recovery
22%
3x18 What's Next?
22%
5x10 Wrapped in Red
22%
2x17 Careful What You Wish For
21%
5x03 Desperate Measures
21%
7x07 Ghost of a Second Chance
20%
5x17 Hero Complex
20%
6x09 Red Flag
19%
3x04 Triggers
19%
3x10 Christmas Spirit
18%
5x13 Fear-O-Phobia
18%
4x11 First Responders
18%
6x01 Let the Games Begin
18%
3x08 Malfunction
18%
5x01 Panic
18%
6x18 Pay It Forward
18%
6x14 Performance Anxiety
18%
3x17 Powerless
18%
6x08 What's Your Fantasy?
18%
2x14 Broken
17%
4x03 Future Tense
16%
6x05 Home Invasion
16%
3x11 Seize the Day
16%
4x07 There Goes The Neighborhood
16%
4x02 Alone Together
15%
3x09 Fallout
15%
3x16 The One That Got Away
15%
6x06 Tomorrow
15%
4x09 Blindsided
14%
3x12 Fools
14%
6x16 Lost & Found
14%
3x13 Pinned
14%
6x04 Animal Instincts
13%
4x08 Breaking Point
13%
5x11 Outside Looking In
12%
5x05 Peer Pressure
12%
5x14 Dumb Luck
11%
5x04 Home and Away
11%
6x13 Mixed Feelings
11%
5x09 Past is Prologue
11%
6x02 Crash & Learn
10%
5x18 Starting Over
10%
6x03 The Devil You Know
9%
5x08 Defend in Place
7%
No matching quizzes found
Score Distribution
Percent of People with Each Score
Percentile by Number Answered
Your Score History
You have not taken this quiz